Symbolic data analysis : conceptual statistics and data mining /

Bibliographic Details
Main Author: Billard, L. (Lynne), 1943-
Corporate Author: Wiley InterScience (Online service)
Other Authors: Diday, E.
Format: eBook
Language:English
Published: Chichester, England ; Hoboken, NJ : John Wiley & Sons Inc., [2006]
Series:Wiley series in computational statistics.
Subjects:
Online Access:Connect to the full text of this electronic book

MARC

Tag First Indicator Second Indicator Subfields
LEADER 00000cam a2200000Ia 4500
001 in00002391349
005 20210810090850.0
006 m | d |
007 cr mnu||||||||
008 071101s2006 enka sb 001 0 eng
020 |a 0470090189 
020 |a 9780470090183 
035 |a (OCoLC)180190545 
035 |a (OCoLC)ocn180190545 
040 |a AZU  |c AZU  |d UtOrBLW 
049 |a TEFA 
100 1 |a Billard, L.  |q (Lynne),  |d 1943-  |0 http://id.loc.gov/authorities/names/n84198624 
245 1 0 |a Symbolic data analysis :  |b conceptual statistics and data mining /  |c Lynne Billard, Edwin Diday. 
264 1 |a Chichester, England ;  |a Hoboken, NJ :  |b John Wiley & Sons Inc.,  |c [2006] 
264 4 |c ©2006 
300 |a vii, 321 pages :  |b illustrations ;  |c 24 cm. 
336 |a text  |b txt  |2 rdacontent 
337 |a computer  |b c  |2 rdamedia 
338 |a online resource  |b cr  |2 rdacarrier 
490 1 |a Wiley series in computational statistics 
500 |a Electronic resource. 
504 |a Includes bibliographical references and indexes. 
533 |a Electronic reproduction.  |b Hoboken, N.J. :  |c Wiley InterScience.  |n Mode of access: World Wide Web.  |n System requirements: Web browser.  |n Access may be restricted to users at subscribing institutions. 
650 0 |a Data mining.  |0 http://id.loc.gov/authorities/subjects/sh97002073 
650 0 |a Multivariate analysis.  |0 http://id.loc.gov/authorities/subjects/sh85088390 
655 0 |a Electronic books. 
700 1 |a Diday, E.  |0 http://id.loc.gov/authorities/names/n80045122 
710 2 |a Wiley InterScience (Online service)  |0 http://id.loc.gov/authorities/names/no00037213 
830 0 |a Wiley series in computational statistics.  |0 http://id.loc.gov/authorities/names/no2007025389 
856 4 0 |u http://proxy.library.tamu.edu/login?url=https://dx.doi.org/10.1002/9780470090183  |z Connect to the full text of this electronic book  |t 0 
994 |a C0  |b TEF 
999 |a MARS 
999 f f |s e8ef9cc4-9411-3320-b832-d0e0b4b6688d  |i efe0bdcc-644d-3e3f-8469-3498a38c1594  |t 0 
952 f f |a Texas A&M University  |b College Station  |c Electronic Resources  |d Available Online  |t 0  |h No information provided 
998 f f |t 0  |l Available Online